00876nam a22002417a 450000500170000001000130001702000220003003500130005203700160006504000120008108200150009310000260010824500970013426000480023127000430027930000250032250000410034765000360038865000430042494200240046799900190049195201240051020170124105934.0 aA-770257 c90.00a8172650191 aA-770257 bCen Lib/Ret aDPLbEN a305.2bBAM aBambawale, Usha99281 aGrowing old in young india :cby Usha Bambawale ba sociological study of women and ageing / aPune c1993bSnehavardhan Publishing House  bPune e411008a4, sharda pashan road  aiii, 166p.c20cm(Hb) aIncludes bibliographical references  aOlder people--Psychology973780 aOlder people--Social conditions973781 2ddccENh305.2mBAM c124102d124102 00104070aLbLd2015-06-13eCen Lib/Retg90.00l0o305.2 BAMpA-770257r2015-06-13 00:00:00t1v90.00w2015-06-13yEN